Ένας συνταγματικός δημοκράτης ηγέτης κατά την επανάσταση του '21 : ο Γ. Λογοθέτης Λυκούργος της Σάμου (1772-1850)
Αποθηκεύτηκε σε:
| Κύριος συγγραφέας: | |
|---|---|
| Μορφή: | Βιβλίο |
| Γλώσσα: | Greek |
| Δημοσίευση: |
Ηράκλειο :
Πανεπιστημιακές Εκδόσεις Κρήτης,
2014.
|
| Θέματα: | |
| Ετικέτες: |
Προσθήκη ετικέτας
Δεν υπάρχουν, Καταχωρήστε ετικέτα πρώτοι!
|
MARC
| LEADER | 00000cam a2200000 i 4500 | ||
|---|---|---|---|
| 001 | 1/51926 | ||
| 008 | 140724s2014 gr | ||| |||| ||gre|| | ||
| 020 | |a 9789605244149 | ||
| 035 | |l 10118412 | ||
| 040 | |a GR-MyUA |b gre |e AACR2 | ||
| 041 | 0 | |a gre | |
| 082 | 7 | |a 938.975 |2 (23) | |
| 100 | 1 | |a Σακελλαρίου, Μιχαήλ Β., |d 1912-2014. | |
| 245 | 1 | 0 | |a Ένας συνταγματικός δημοκράτης ηγέτης κατά την επανάσταση του '21 : |b ο Γ. Λογοθέτης Λυκούργος της Σάμου (1772-1850) / |c Μιχαήλ Β. Σακελλαρίου. |
| 260 | |a Ηράκλειο : |b Πανεπιστημιακές Εκδόσεις Κρήτης, |c 2014. | ||
| 300 | |a xx, 456 σ. : |b εικ. ; |c 24 εκ. | ||
| 504 | |a Περιλαμβάνει βιβλιογραφικές αναφορές και ευρετήριο. | ||
| 600 | 1 | 0 | |a Λογοθέτης, Λυκούργος, |d 1772-1850. |
| 650 | 0 | 0 | |a Administrative agencies |z Greece |z Samos (Municipality) |x History |y 19th century |x Sources. |
| 651 | 0 | |a Samos (Greece : Municipality) |x Politics and government. | |
| 651 | 0 | |a Samos (Greece : Municipality) |x History. | |
| 852 | |a INST |b SAMOS |e 20140724 |h 938.975 ΣΑΚ |p 005300036813 |q 005300036813 |t BK |y 0 | ||
| 901 | |a BIBL3-2014-2 | ||
| 909 | |a Σ |b 185017 | ||
| 920 | |a Π.Ε.Κ. |y Σάμος |z 2014-07 | ||
| 970 | |a ΓΟΥΒΑΛΑ |b ΒΑΣΩ |z 2014/07/24 | ||